000
00275nam a22001097a 4500
082
_a
954
100
_a
IAS Vision
_9
81507
245
_a
General Studies Notes Post Independence India 20/22
260
_a
Delhi
_b
Vision Ias
_c
2022
650
_a
Indian Histroy
_9
73194
942
_c
BK
999
_c
65569
_d
65569